00338 a2200145 450000100060000002000150000604000240002110000180004524000370006324500320010030000070013236200090013944000130014865000310016169377 a8526246321 cAnchieta - Itaigara aPuech, Michel10aA justiça e a injustiçalpor10aA justiça e a injustiça a400 a2002 1aScipione 4aLiteratura infanto-juvenil